000 00782cam a2200265 a 4500
001 146714
003 OSt
005 20180921
008 000000 dr 0000000000 00
100 _aJiménes Grullón, J. I.
245 _aEl camilismo y la revolución dominicana /
_cEl camilismo y la revolución dominicana /
260 _a[s. l.] :
_b[s. n.]
300 _a169 p.
504 _aIncluye bibliografía e índice
600 _aTORRES, CAMILO, 1929-1966
650 _aCAMILISMO
_aCOMUNISMO
_aREPUBLICA DOMINICANA
_aREVOLUCIONARIOS
040 _aDLC
_cDLC
942 _2ddc
_cBK
999 _c146714
_d14671400